000 00769nam a22002897a 4500
001 BR9502286
003 BR-BrBNA
005 20230928094615.0
007 ta
008 230509b bl.||||| |||| 00| 0 por d
040 _aBR-BrBNA
_bpor
_cBiblioteca Nacional de Agricultura
041 _a(Por)
072 _aE12
090 _ E12 BR9502286
100 1 _aD'Incao, M.C.
245 1 _aO Boia-fria: acumulacao e miseria
260 3 _aPetropolis, RJ (Brasil):
_bVozes,
_c1981.
300 _a154 p.
500 _aBibliography p. 151-154 (59 ref.); 18 tables
650 _aTrabalhador Rural
650 _aPopulacao Rural
650 _aFator de Producao
650 _aMao-de-Obra
650 _aOcupacao
909 _a202309
_bLucia
_c55
_dLucia Elande
942 _cBK
999 _c51626
_d51626